[Event "40th Olympiad Women"]
[Site "Istanbul TUR"]
[Date "2012.09.03"]
[Round "6.6"]
[Board "2"]
[White "Frayna, Janelle Mae"]
[Black "Milliet, Sophie"]
[Result "0-1"]
[BlackTitle "IM"]
[WhiteElo "1991"]
[BlackElo "2411"]
[WhiteTeam "Philippines"]
[BlackTeam "France"]
[WhiteFideId "5212499"]
[BlackFideId "623725"]
[EventDate "2012.08.28"]

1. c4 Nf6 2. g3 e6 3. Bg2 d5 4. Nf3 dxc4 5. Na3 Bxa3 6. bxa3 b5 7. a4 a6 8. Rb1
Bb7 9. O-O Be4 10. Rb2 O-O 11. axb5 axb5 12. Rxb5 Rxa2 13. Rb2 Ra1 14. Rb4 Qd5
15. Ne1 Nc6 16. Bxe4 Nxe4 17. Nc2 Nxb4 18. Nxa1 c3 19. d3 Nf6 20. Ba3 c5 21. Nc2
Qb3 22. Nxb4 Qxa3 23. Nc2 Qb2 24. Ne3 Nd5 25. Nc4 Qa2 26. Qe1 c2 27. Qa1 Qxa1
28. Rxa1 Nc3 0-1

[Event "40th Olympiad Women"]
[Site "Istanbul TUR"]
[Date "2012.09.03"]
[Round "6.6"]
[Board "4"]
[White "Fronda, Jan Jodilyn"]
[Black "Bollengier, Andreea"]
[Result "0-1"]
[BlackTitle "WIM"]
[WhiteElo "2022"]
[BlackElo "2253"]
[WhiteTeam "Philippines"]
[BlackTeam "France"]
[WhiteFideId "5204585"]
[BlackFideId "1203347"]
[EventDate "2012.08.28"]

1. e4 c6 2. d4 d5 3. Nc3 dxe4 4. Nxe4 Nd7 5. Nf3 Ngf6 6. Nxf6+ Nxf6 7. Bc4 e6 8.
O-O Bd6 9. c3 h6 10. Re1 O-O 11. Ne5 c5 12. Be3 Nd5 13. Qh5 Nxe3 14. Rxe3 Qg5
15. Qxg5 hxg5 16. dxc5 Bxc5 17. Rd3 a6 18. a4 Rb8 19. b4 Be7 20. a5 Rd8 21. Rad1
Rxd3 22. Rxd3 Bf6 23. Ng4 Be7 24. Bb3 f6 25. Ne3 b6 26. Nc4 bxa5 27. Nxa5 Rb6
28. Kf1 Kf8 29. Ke2 e5 30. Nc4 Rc6 31. Na5 Rc7 32. Bc4 g4 33. Rd2 f5 34. Kd1 e4
35. Kc2 g6 36. Kb3 Kg7 37. Bd5 Bg5 38. Rc2 Kf6 39. c4 Bf4 40. g3 Be5 41. Nc6 Bb7
42. Nxe5 Bxd5 43. cxd5 Rxc2 44. Nd7+ Ke7 45. Kxc2 Kxd7 46. Kc3 Kc7 47. Kc4 Kd6
48. Kd4 g5 49. Kc4 f4 50. Kd4 e3 51. fxe3 f3 52. Kd3 Kxd5 53. e4+ Kd6 54. Kd2
Kc6 55. Ke3 Kb5 56. h4 gxh3 57. Kxf3 g4+ 58. Kf2 Kxb4 59. e5 Kc5 60. e6 Kd6 0-1

[Event "40th Olympiad Women"]
[Site "Istanbul TUR"]
[Date "2012.09.03"]
[Round "6.7"]
[Board "1"]
[White "Nemcova, Katerina"]
[Black "Pham, Le Thao Nguyen"]
[Result "1/2-1/2"]
[WhiteTitle "WGM"]
[BlackTitle "WGM"]
[WhiteElo "2276"]
[BlackElo "2393"]
[WhiteTeam "Czech Republic"]
[BlackTeam "Vietnam"]
[WhiteFideId "322750"]
[BlackFideId "12401226"]
[EventDate "2012.08.28"]

1. e4 Nf6 2. e5 Nd5 3. d4 d6 4. Nf3 Nb6 5. a4 a5 6. Nc3 g6 7. h4 dxe5 8. Be3 e4
9. Nxe4 Bf5 10. Ng3 Bg4 11. h5 Bg7 12. h6 Bf6 13. Ne4 Qd5 14. Nxf6+ exf6 15. b3
Bxf3 16. Qxf3 Qxf3 17. gxf3 Nd5 18. Bd2 O-O 19. O-O-O Nd7 20. Bc4 c6 21. Rhe1
N5b6 22. Bd3 Rfd8 23. c4 Nf8 24. Bc3 Ne6 25. Bf1 Kf8 26. Kb2 Rd7 27. Bh3 Ke7 28.
Rd2 f5 29. Re5 f6 30. Re1 Kf7 31. Bf1 Nf4 32. Bd3 Nc8 33. d5 cxd5 34. cxd5 Nxd3+
35. Rxd3 Ra6 36. Re6 Rxe6 37. dxe6+ Kxe6 38. Re3+ Kf7 39. Bxa5 Ne7 40. Bc3 g5
41. a5 f4 42. Re4 Nf5 43. Rb4 Nxh6 44. Rb6 Ng8 45. b4 h5 46. b5 h4 47. a6 bxa6
48. bxa6 h3 49. Rb7 Rxb7+ 50. axb7 h2 51. b8=Q h1=Q 52. Qb3+ Kg7 53. Qb7+ Kh8
54. Qf7 Qh6 55. Bd4 Qg7 56. Qh5+ Nh6 57. Qe8+ Kh7 58. Qe4+ Kh8 59. Qe8+ Ng8 60.
Qh5+ Nh6 1/2-1/2

[Event "40th Olympiad Women"]
[Site "Istanbul TUR"]
[Date "2012.09.03"]
[Round "6.7"]
[Board "2"]
[White "Nguyen, Thi Mai Hung"]
[Black "Havlikova, Kristyna"]
[Result "1-0"]
[WhiteTitle "WIM"]
[BlackTitle "WIM"]
[WhiteElo "2212"]
[BlackElo "2298"]
[WhiteTeam "Vietnam"]
[BlackTeam "Czech Republic"]
[WhiteFideId "12401676"]
[BlackFideId "309672"]
[EventDate "2012.08.28"]

1. d4 Nf6 2. Bf4 g6 3. e3 Bg7 4. Nf3 O-O 5. Be2 d6 6. O-O b6 7. h3 c5 8. c3 Bb7
9. a4 a6 10. Nbd2 Nbd7 11. Bh2 Ra7 12. Re1 Qa8 13. Bf1 Ne4 14. Qb3 Nxd2 15. Nxd2
d5 16. Nf3 Bc6 17. Qa3 a5 18. Rad1 Re8 19. Qb3 e6 20. Bg3 c4 21. Qc2 Rb7 22. b3
b5 23. axb5 Bxb5 24. bxc4 Bxc4 25. Bxc4 dxc4 26. Rb1 Rxb1 27. Rxb1 Qc6 28. Nd2
Ra8 29. Qe4 Qd5 30. f3 f5 31. Qc2 Qc6 32. Qb2 Bf8 33. Qb7 Qxb7 34. Rxb7 Nf6 35.
Nxc4 Nd5 36. Nb6 Nxb6 37. Rxb6 a4 38. Rb1 a3 39. Kf1 Kf7 40. Ke2 Ke7 41. Kd3 Kd7
42. Ra1 Kc6 43. c4 a2 44. Kc2 Ra3 45. Bf4 Bd6 46. Bg5 e5 47. Kb2 exd4 48. exd4
Ra4 49. c5 Bg3 50. Bf6 Kd5 51. Rxa2 Rb4+ 52. Kc3 Be1+ 53. Kc2 Bf2 54. Ra8 Kc4
55. c6 Kd5 56. Rd8+ Kxc6 57. d5+ Kc7 58. d6+ Kc6 59. Be5 Rb7 60. Rc8+ Kd7 61.
Rh8 Ke6 62. Re8+ Kf7 63. Rc8 Rd7 64. Kb3 Ke6 65. Rc7 Rd8 66. f4 Kd5 67. Rxh7 Bd4
68. Re7 Bc5 69. Kc3 Bxd6 70. Bxd6 Rxd6 71. Kd3 Ra6 72. Ke3 Ra3+ 73. Kf2 Ra2+ 74.
Kg3 Ra3+ 75. Kh4 Ra2 76. g3 Ra8 77. Kg5 Ra3 78. Kxg6 Rxg3+ 79. Kxf5 Rxh3 80.
Rd7+ Kc6 81. Rd1 Rf3 82. Ke5 Kc7 83. f5 Re3+ 84. Kf6 Kc6 85. Kf7 Rf3 86. f6 Kc5
87. Ke7 Re3+ 88. Kf8 Rf3 89. f7 Rf2 90. Re1 Ra2 91. Ke7 1-0

[Event "40th Olympiad Women"]
[Site "Istanbul TUR"]
[Date "2012.09.03"]
[Round "6.7"]
[Board "3"]
[White "Olsarova, Tereza"]
[Black "Le, Kieu Thien Kim"]
[Result "0-1"]
[WhiteTitle "WIM"]
[BlackTitle "WIM"]
[WhiteElo "2241"]
[BlackElo "2226"]
[WhiteTeam "Czech Republic"]
[BlackTeam "Vietnam"]
[WhiteFideId "325449"]
[BlackFideId "12400572"]
[EventDate "2012.08.28"]

1. f4 d5 2. Nf3 Nf6 3. e3 c5 4. b3 Nc6 5. Bb2 Bf5 6. Bb5 a6 7. Bxc6+ bxc6 8. Ne5
Qc7 9. g4 Bd7 10. g5 Ne4 11. O-O Bf5 12. d3 Nd6 13. Nd2 f6 14. Nef3 h6 15. e4
Bh3 16. Rf2 hxg5 17. fxg5 e5 18. Qe2 Be7 19. Kh1 O-O-O 20. c3 d4 21. b4 dxc3 22.
Bxc3 Nb5 23. Bb2 cxb4 24. Nb3 a5 25. Rc1 a4 26. Nbd2 Kb7 27. Nc4 a3 28. Ba1 Bg4
29. Ne3 Be6 30. Rff1 Qd7 31. Qc2 Rh3 32. Kg2 c5 33. d4 Nxd4 34. Bxd4 exd4 35.
Nc4 Rdh8 36. Kh1 Qc7 37. Qg2 Qf4 38. Na5+ Kb6 39. Nc6 Rxf3 0-1

[Event "40th Olympiad Women"]
[Site "Istanbul TUR"]
[Date "2012.09.03"]
[Round "6.7"]
[Board "4"]
[White "Hoang, Thi Nhu Y"]
[Black "Olsarova, Karolina"]
[Result "1/2-1/2"]
[WhiteTitle "WIM"]
[BlackTitle "WIM"]
[WhiteElo "2228"]
[BlackElo "2267"]
[WhiteTeam "Vietnam"]
[BlackTeam "Czech Republic"]
[WhiteFideId "12401455"]
[BlackFideId "320242"]
[EventDate "2012.08.28"]

1. d4 d5 2. Nf3 Nf6 3. Bf4 Bf5 4. e3 c6 5. Bd3 e6 6. O-O Nbd7 7. c4 Bxd3 8. Qxd3
Be7 9. Nc3 O-O 10. h3 Re8 11. a3 dxc4 12. Qxc4 Nd5 13. Bg3 Nxc3 14. bxc3 c5 15.
Qb5 Qc8 16. Rfb1 b6 17. a4 Bf6 18. Nd2 a6 19. Qb3 Qc6 20. Nc4 Bd8 21. Ra2 Rf8
22. Rc2 Ra7 23. Bd6 Re8 24. Bg3 Rf8 25. Bd6 Re8 26. Bg3 1/2-1/2

[Event "40th Olympiad Women"]
[Site "Istanbul TUR"]
[Date "2012.09.03"]
[Round "6.8"]
[Board "1"]
[White "Vojinovic, Jovana"]
[Black "Tsiganova, Monika"]
[Result "1/2-1/2"]
[WhiteTitle "WGM"]
[BlackTitle "WIM"]
[WhiteElo "2337"]
[BlackElo "2164"]
[WhiteTeam "Montenegro"]
[BlackTeam "Estonia"]
[WhiteFideId "937266"]
[BlackFideId "4500199"]
[EventDate "2012.08.28"]

1. d4 Nf6 2. c4 g6 3. Nc3 Bg7 4. e4 d6 5. Nf3 O-O 6. Be2 e5 7. O-O Nbd7 8. Qc2
exd4 9. Nxd4 Nc5 10. Rd1 Qe7 11. f3 c6 12. Bg5 a5 13. Qd2 Re8 14. Bf1 Nfxe4 15.
Bxe7 Nxd2 16. Rxd2 Rxe7 17. Nb3 Ne6 18. Na4 Be5 19. Nb6 Rb8 20. g3 g5 21. a4 Bd7
22. Rad1 Be8 23. Nxa5 Nc5 24. Re2 Nd7 25. Nxd7 Bxd7 26. c5 d5 27. Kg2 Bf5 28.
Rde1 Rbe8 29. Nxb7 Bd3 30. Re3 Bxf1+ 31. Kxf1 Rxb7 32. Rxe5 Rxe5 33. Rxe5 Rxb2
34. Re8+ Kg7 35. Rc8 Ra2 36. Rxc6 Rxa4 37. Rd6 d4 38. c6 Rc4 39. Ke2 Rc3 40.
Rxd4 Rxc6 41. Rd2 h5 42. Kf2 Kg6 43. Ra2 Rb6 44. Ke3 Rb3+ 1/2-1/2

[Event "40th Olympiad Women"]
[Site "Istanbul TUR"]
[Date "2012.09.03"]
[Round "6.8"]
[Board "2"]
[White "Fomina, Tatyana"]
[Black "Milovic, Aleksandra"]
[Result "1/2-1/2"]
[WhiteTitle "WIM"]
[BlackTitle "WFM"]
[WhiteElo "2189"]
[BlackElo "2181"]
[WhiteTeam "Estonia"]
[BlackTeam "Montenegro"]
[WhiteFideId "4500156"]
[BlackFideId "933988"]
[EventDate "2012.08.28"]

1. e4 c5 2. Nf3 e6 3. d3 d5 4. Nbd2 Nc6 5. g3 Nge7 6. Bg2 g6 7. O-O Bg7 8. Re1
O-O 9. Nf1 b6 10. e5 a5 11. c3 Ba6 12. Bg5 h6 13. Bf4 Kh7 14. h4 Nf5 15. Bh3 Ra7
16. Qd2 a4 17. N1h2 b5 18. Bxf5 exf5 19. g4 Bc8 20. g5 h5 21. d4 cxd4 22. Nxd4
Nxd4 23. Qxd4 Rb7 24. Be3 Be6 25. f4 Qb8 26. a3 Rc8 27. Nf3 Bf8 28. Qd2 Rc4 29.
Bd4 Qc8 30. Re2 Rbc7 31. Kg2 Qb7 32. Kg3 Rc8 33. Ree1 Kg8 34. Reb1 Ra8 35. Qd1
Ra5 36. Nd2 Rc8 37. Nf1 Qc6 38. Qd3 Qc4 39. Rd1 Qc6 40. Rd2 Raa8 41. Ne3 Rd8 42.
Nc2 Rd7 43. Rad1 Rad8 44. Qe3 Rb7 45. Ne1 Kh7 46. Nd3 Kg8 47. Bc5 Bxc5 48. Qxc5
Qxc5 49. Nxc5 Rc7 50. Na6 Rc6 51. Nb4 Rc5 52. Nc2 Kf8 53. Ne3 Ke7 54. Rd4 Rd7
55. Rb4 Kd8 56. Rdd4 Kc7 57. Kf2 Kb6 58. Ke2 Ka6 59. Kd2 Rdc7 60. Nd1 Rc4 61. b3
Rxb4 62. axb4 axb3 63. Kc1 Rc4 64. Kb2 Rxd4 65. cxd4 Kb6 1/2-1/2

[Event "40th Olympiad Women"]
[Site "Istanbul TUR"]
[Date "2012.09.03"]
[Round "6.9"]
[Board "2"]
[White "Sharevich, Anna"]
[Black "Botsari, Anna-Maria"]
[Result "1/2-1/2"]
[WhiteTitle "WGM"]
[BlackTitle "WGM"]
[WhiteElo "2261"]
[BlackElo "2336"]
[WhiteTeam "Belarus"]
[BlackTeam "Greece"]
[WhiteFideId "13503189"]
[BlackFideId "4200446"]
[EventDate "2012.08.28"]

1. d4 Nf6 2. c4 e6 3. g3 d5 4. Nf3 Bb4+ 5. Bd2 Be7 6. Bg2 c6 7. O-O Nbd7 8. Bf4
O-O 9. Nc3 Nh5 10. Bc1 f5 11. Ne5 Nhf6 12. Bf4 Nxe5 13. Bxe5 Nd7 14. Bf4 Bf6 15.
Bd6 Re8 16. cxd5 exd5 17. e3 Nb6 18. Bc5 Be6 19. Qd3 Nc4 20. b3 Nd6 21. f3 Bf7
22. Rfe1 g6 23. Rad1 b6 24. Ba3 Rc8 25. Kh1 Bg7 26. Qd2 Rc7 27. Re2 h5 28. Qe1
Rd7 29. Bb2 Rde7 30. Ba3 Rd7 31. Bb2 Rde7 32. Ba3 Rd7 1/2-1/2

[Event "40th Olympiad Women"]
[Site "Istanbul TUR"]
[Date "2012.09.03"]
[Round "6.9"]
[Board "3"]
[White "Makropoulou, Marina"]
[Black "Stetsko, Lanita"]
[Result "0-1"]
[WhiteTitle "WGM"]
[BlackTitle "FM"]
[WhiteElo "2256"]
[BlackElo "2130"]
[WhiteTeam "Greece"]
[BlackTeam "Belarus"]
[WhiteFideId "4200187"]
[BlackFideId "13505300"]
[EventDate "2012.08.28"]

1. e4 e5 2. Nf3 Nc6 3. Bb5 a6 4. Ba4 Nf6 5. O-O Be7 6. d3 d6 7. c4 Bg4 8. h3 Bh5
9. Be3 O-O 10. Nc3 Rb8 11. Rc1 Bxf3 12. Qxf3 Nd4 13. Bxd4 exd4 14. Ne2 c5 15.
Ng3 g6 16. Qe2 Qa5 17. Bb3 Rfe8 18. f4 Bf8 19. Qf3 Bg7 20. Rc2 Nd7 21. Kh1 Re7
22. Rg1 Rbe8 23. Nf1 Kh8 24. g4 Qe1 25. Ba4 b5 26. cxb5 Qa5 27. Bb3 axb5 28. Ng3
Qb4 29. h4 Rc8 30. h5 c4 31. g5 Rc5 32. Nf5 gxf5 33. exf5 Re1 34. Re2 Rxg1+ 35.
Kxg1 cxb3 36. a3 Rc1+ 37. Kf2 Qc5 38. f6 Bf8 39. Qb7 Qf5 40. Qf3 Rc2 41. Kg3
Rxe2 42. Qxe2 Nc5 43. Qe8 Ne6 0-1

[Event "40th Olympiad Women"]
[Site "Istanbul TUR"]
[Date "2012.09.03"]
[Round "6.9"]
[Board "4"]
[White "Nevioselaya, Maria"]
[Black "Fakhiridou, Ekaterini"]
[Result "0-1"]
[BlackTitle "WIM"]
[WhiteElo "2057"]
[BlackElo "2215"]
[WhiteTeam "Belarus"]
[BlackTeam "Greece"]
[WhiteFideId "13502280"]
[BlackFideId "4202848"]
[EventDate "2012.08.28"]

1. e4 c5 2. Nf3 d6 3. d4 cxd4 4. Nxd4 Nf6 5. Nc3 a6 6. Bc4 e6 7. Bb3 Be7 8. O-O
b5 9. Qf3 Qb6 10. Be3 Qb7 11. Qg3 b4 12. Na4 Nbd7 13. f3 O-O 14. Rad1 Ne5 15.
Ne2 Bd7 16. Nb6 Bb5 17. Rfe1 Rab8 18. Bd4 Bd8 19. Bxe5 dxe5 20. Nc4 Bc7 21. Ne3
Qa7 22. Nc1 Bb6 23. Qf2 Bd4 24. Nd3 a5 25. a4 bxa3 26. bxa3 a4 27. Ba2 Rbc8 28.
Kh1 Rc3 29. f4 Ng4 30. Qd2 Rxd3 31. cxd3 Bxe3 32. Rxe3 Qxe3 0-1

[Event "40th Olympiad Women"]
[Site "Istanbul TUR"]
[Date "2012.09.03"]
[Round "6.10"]
[Board "1"]
[White "Cori T., Deysi"]
[Black "Reizniece-Ozola, Dana"]
[Result "1-0"]
[WhiteTitle "WGM"]
[BlackTitle "WGM"]
[WhiteElo "2413"]
[BlackElo "2251"]
[WhiteTeam "Peru"]
[BlackTeam "Latvia"]
[WhiteFideId "3801934"]
[BlackFideId "11601124"]
[EventDate "2012.08.28"]

1. d4 Nf6 2. c4 g6 3. g3 Bg7 4. Bg2 O-O 5. Nc3 d6 6. Nf3 Nc6 7. O-O a6 8. h3 Bd7
9. e4 e5 10. Be3 exd4 11. Nxd4 Qc8 12. Nxc6 bxc6 13. Kh2 Re8 14. Qd2 Rb8 15. b3
Re5 16. Bg5 h6 17. f4 Re8 18. Bxf6 Bxf6 19. Rad1 Bg7 20. c5 Be6 21. cxd6 cxd6
22. Ne2 c5 23. g4 f5 24. exf5 gxf5 25. Ng3 Rb4 26. Qxd6 fxg4 27. hxg4 Bxg4 28.
Rde1 Rd4 29. Qg6 Kf8 30. Rxe8+ Qxe8 31. Qxg4 Rd2 32. Rd1 Rxd1 33. Qxd1 Bd4 34.
Qd3 Qd8 35. Qf5+ Kg7 36. Be4 Qg8 37. Qg6+ Kf8 38. Qd6+ 1-0

[Event "40th Olympiad Women"]
[Site "Istanbul TUR"]
[Date "2012.09.03"]
[Round "6.10"]
[Board "2"]
[White "Rogule, Laura"]
[Black "Aliaga Fernandez, Ingrid Y"]
[Result "1-0"]
[WhiteTitle "WGM"]
[BlackTitle "WFM"]
[WhiteElo "2315"]
[BlackElo "2169"]
[WhiteTeam "Latvia"]
[BlackTeam "Peru"]
[WhiteFideId "11601876"]
[BlackFideId "3802191"]
[EventDate "2012.08.28"]

1. c4 e5 2. Nc3 Nc6 3. g3 g6 4. Bg2 Bg7 5. e3 d6 6. Nge2 f5 7. d3 Nf6 8. O-O O-O
9. Rb1 a5 10. b3 h6 11. Bb2 Kh7 12. Qd2 Bd7 13. f4 Rb8 14. e4 b6 15. exf5 gxf5
16. Rbe1 Nd4 17. fxe5 dxe5 18. Nxd4 exd4 19. Nd5 c5 20. Qf4 Nxd5 21. Bxd5 Qf6
22. Qc7 Qd8 23. Qd6 Rf6 24. Qf4 Bf8 25. Bc1 Bd6 26. Qh4 Rg6 27. Qh5 f4 28. Be4
Be8 29. Bxf4 Kg7 30. Bxg6 1-0

[Event "40th Olympiad Women"]
[Site "Istanbul TUR"]
[Date "2012.09.03"]
[Round "6.10"]
[Board "3"]
[White "Chumpitaz, Ann"]
[Black "Berzina, Ilze"]
[Result "1-0"]
[WhiteTitle "WFM"]
[BlackTitle "WGM"]
[WhiteElo "2160"]
[BlackElo "2306"]
[WhiteTeam "Peru"]
[BlackTeam "Latvia"]
[WhiteFideId "3804178"]
[BlackFideId "11601345"]
[EventDate "2012.08.28"]

1. e4 e5 2. Nf3 Nc6 3. Bb5 d6 4. O-O Bd7 5. Nc3 g6 6. d3 Bg7 7. Nd5 Nh6 8. Bg5
Qc8 9. Nf6+ Kf8 10. d4 exd4 11. Nxd4 Ng8 12. Nxd7+ Qxd7 13. c3 h6 14. Be3 a6 15.
Qa4 Nge7 16. f4 Kg8 17. f5 Kh7 18. Be2 Ng8 19. Bg4 Qe8 20. fxg6+ fxg6 21. Nxc6
Nf6 22. Bf3 bxc6 23. Rae1 c5 24. Qa5 c6 25. Bf4 Qd7 26. e5 dxe5 27. Bxe5 c4 28.
Qc5 Qa7 29. Qxa7 Rxa7 30. Bxc6 Nh5 31. Bd5 Bxe5 32. Rxe5 Rb8 33. g4 Ng7 34. Re2
Rc7 35. Rf6 Rc5 36. Bf3 Rcb5 37. Rf7 Rxb2 38. Ree7 Rg8 39. Bd5 Kh8 40. Ra7 Re8
41. Bxc4 Rb1+ 42. Kg2 Rb2+ 43. Rf2 Rxf2+ 44. Kxf2 Rc8 45. Bxa6 Rxc3 46. a4 Ne6
47. a5 Rc2+ 48. Ke3 Rxh2 49. Bc4 Rh3+ 50. Kd2 Nc5 51. Rc7 Na4 52. a6 Ra3 53. Bb5
Nb6 54. Rb7 Nd5 55. a7 Nb6 56. Rxb6 Rxa7 57. Rxg6 h5 58. g5 h4 59. Bd3 Ra5 60.
Rh6+ Kg7 61. Rh7+ Kf8 62. g6 Ra4 63. Bc2 Rg4 64. Ke3 Rg2 65. Be4 Rg1 66. Kf4 Kg8
67. Rxh4 Kg7 68. Rh7+ Kf6 69. Rf7+ Ke6 70. Bf5+ Kd6 71. g7 1-0

[Event "40th Olympiad Women"]
[Site "Istanbul TUR"]
[Date "2012.09.03"]
[Round "6.10"]
[Board "4"]
[White "Skinke, Katrina"]
[Black "Sanchez Zambrano, Vanessa"]
[Result "0-1"]
[WhiteTitle "WIM"]
[WhiteElo "2226"]
[BlackElo "1858"]
[WhiteTeam "Latvia"]
[BlackTeam "Peru"]
[WhiteFideId "11602260"]
[BlackFideId "3804925"]
[EventDate "2012.08.28"]

1. e4 c5 2. Nf3 d6 3. d4 cxd4 4. Nxd4 Nf6 5. Nc3 a6 6. Be2 e5 7. Nb3 Be7 8. O-O
O-O 9. f4 exf4 10. Bxf4 Nc6 11. Bf3 Ne5 12. Qe2 Qc7 13. Kh1 Be6 14. Qf2 Rac8 15.
Nd4 Qc4 16. Rad1 Rfe8 17. Rfe1 Bd8 18. Nxe6 Rxe6 19. Re2 Ba5 20. Nd5 Qxa2 21. b3
Rce8 22. Nxf6+ Rxf6 23. Qg3 Bc3 24. Bh5 Qa5 25. Bg5 Rfe6 26. h3 Qc7 27. Rf1 Ng6
28. Bf3 h6 29. Bc1 Be5 30. Qg4 Qc3 31. h4 Nf8 32. Qh5 Nd7 33. Qf5 Nc5 34. Be3
Rf6 35. Qg4 h5 36. Qxh5 Nxe4 37. Bxe4 Rxf1+ 38. Bg1 Qg3 39. Bh7+ Kf8 0-1

[Event "40th Olympiad Women"]
[Site "Istanbul TUR"]
[Date "2012.09.03"]
[Round "6.11"]
[Board "1"]
[White "Nakhbayeva, Guliskhan"]
[Black "Lanchava, Tea"]
[Result "1-0"]
[WhiteTitle "WIM"]
[BlackTitle "IM"]
[WhiteElo "2291"]
[BlackElo "2351"]
[WhiteTeam "Kazakhstan"]
[BlackTeam "Netherlands"]
[WhiteFideId "13704788"]
[BlackFideId "1005308"]
[EventDate "2012.08.28"]

1. d4 g6 2. c4 Bg7 3. e4 d6 4. Nc3 Nd7 5. Bg5 f6 6. Be3 e5 7. d5 Ne7 8. Bd3 O-O
9. Qd2 f5 10. f3 a6 11. g4 Nf6 12. gxf5 gxf5 13. O-O-O Bd7 14. exf5 Nxf5 15.
Bxf5 Bxf5 16. Nge2 b5 17. Ng3 Bg6 18. h4 Qe8 19. Bh6 Bxh6 20. Qxh6 Kh8 21. h5
Ng8 22. Qg5 Rf6 23. hxg6 Rxg6 24. Qh5 Qf7 25. Nge4 Qg7 26. c5 Rf8 27. cxd6 cxd6
28. Rdf1 b4 29. Nd1 Rh6 30. Qg4 Rg6 31. Qh4 Rh6 32. Qf2 Ne7 33. Ne3 Qg6 34. Rxh6
Qxh6 35. Kb1 Qg6 36. Qd2 a5 37. Nc4 Nf5 38. Qg5 Qf7 39. Rd1 Nd4 40. Nxe5 Qc7 41.
Rxd4 dxe5 42. d6 1-0

[Event "40th Olympiad Women"]
[Site "Istanbul TUR"]
[Date "2012.09.03"]
[Round "6.11"]
[Board "4"]
[White "Van Weersel, Arlette"]
[Black "Davletbayeva, Madina"]
[Result "1/2-1/2"]
[WhiteTitle "WIM"]
[BlackTitle "WIM"]
[WhiteElo "2151"]
[BlackElo "2165"]
[WhiteTeam "Netherlands"]
[BlackTeam "Kazakhstan"]
[WhiteFideId "1009877"]
[BlackFideId "13703595"]
[EventDate "2012.08.28"]

1. e4 e5 2. Nf3 Nc6 3. Bc4 Bc5 4. c3 Nf6 5. d3 O-O 6. O-O d5 7. exd5 Nxd5 8. b4
Be7 9. h3 Bf6 10. a3 Bf5 11. Nh2 Nb6 12. Qf3 Qd7 13. Ng4 Bxg4 14. hxg4 e4 15.
Qxe4 Rfe8 16. Qf5 Qxf5 17. gxf5 Ne5 18. Bb3 Nxd3 19. Be3 g6 20. fxg6 hxg6 21.
Ra2 Ne5 22. Bd4 a5 23. Nd2 Ned7 24. Nf3 a4 25. Bd1 Kg7 26. Be2 c6 27. Rd1 Bxd4
28. Rxd4 Nf6 29. c4 Rad8 30. Rxd8 Rxd8 31. Kf1 Ne4 32. Rc2 Kf6 33. Ke1 Rh8 34.
Bd3 Ng5 35. Nxg5 Kxg5 36. Rc3 f5 37. Be2 Kf6 38. Bf3 Rh4 39. c5 Nc4 40. g3 Rd4
41. Be2 Ne5 42. f4 Ng4 43. Bd1 Nf2 44. Bxa4 Ne4 45. Re3 Nxc5 46. Bc2 Ne4 47.
Bxe4 fxe4 48. Ke2 Rc4 49. Rb3 Kf5 50. a4 Rc1 51. a5 Rc4 52. Ke3 Rc1 53. Kf2 Ra1
54. Rc3 Ra4 55. Rc5+ Kf6 56. Rc4 Kf5 57. Rc5+ 1/2-1/2

[Event "40th Olympiad Women"]
[Site "Istanbul TUR"]
[Date "2012.09.03"]
[Round "6.12"]
[Board "1"]
[White "Harika, Dronavalli"]
[Black "Paehtz, Elisabeth"]
[Result "1/2-1/2"]
[WhiteTitle "GM"]
[BlackTitle "IM"]
[WhiteElo "2503"]
[BlackElo "2483"]
[WhiteTeam "India"]
[BlackTeam "Germany"]
[WhiteFideId "5015197"]
[BlackFideId "4641833"]
[EventDate "2012.08.28"]

1. d4 d6 2. Nf3 g6 3. c4 Bg7 4. g3 Nf6 5. Bg2 O-O 6. Nc3 c6 7. O-O Qb6 8. h3 Qa6
9. Nd2 Nbd7 10. Re1 Rb8 11. a4 Qb6 12. e3 a5 13. b3 Ne8 14. Ba3 Nc7 15. Rb1 Na6
16. Na2 Qc7 17. Rc1 Rd8 18. Qc2 e5 19. Nf3 Re8 20. b4 axb4 21. Nxb4 Nxb4 22.
Bxb4 c5 23. Bc3 cxd4 24. exd4 Qxc4 25. Nd2 Qc7 26. Bb4 Qb6 27. Ba3 Bf8 28. Nc4
Qa6 29. Bf1 Qc6 30. Nxd6 Qxc2 31. Rxc2 Re6 32. Rec1 Bxd6 33. Rxc8+ Rxc8 34.
Rxc8+ Kg7 35. Bxd6 1/2-1/2

[Event "40th Olympiad Women"]
[Site "Istanbul TUR"]
[Date "2012.09.03"]
[Round "6.12"]
[Board "4"]
[White "Michna, Marta"]
[Black "Soumya, Swaminathan"]
[Result "0-1"]
[WhiteTitle "WGM"]
[BlackTitle "WGM"]
[WhiteElo "2380"]
[BlackElo "2271"]
[WhiteTeam "Germany"]
[BlackTeam "India"]
[WhiteFideId "1106686"]
[BlackFideId "5016193"]
[EventDate "2012.08.28"]

1. b3 e5 2. Bb2 Nc6 3. g3 Nf6 4. Bg2 d5 5. e3 Be6 6. d3 Bd6 7. Nd2 Qd7 8. h3 a5
9. a3 O-O 10. Ne2 Rfe8 11. g4 h6 12. Ng3 Ne7 13. c4 c6 14. c5 Bc7 15. Nf3 Ng6
16. Nh5 Nh7 17. Qc2 f5 18. gxf5 Bxf5 19. Ng3 Be6 20. h4 Bg4 21. h5 Nf4 22. exf4
exf4+ 23. Ne2 Ng5 24. O-O-O Nxf3 25. Kb1 Ng5 26. f3 Nxf3 27. Nc1 Ng5 28. Rd2 f3
29. Bf1 Re1 30. Ka2 Rae8 31. Qc3 Be5 32. Qxa5 Bxb2 33. Kxb2 d4 34. Rdh2 Rd1 35.
Rd2 Rde1 36. Qb4 R8e5 37. Qc4+ Be6 38. Qc2 Qd5 39. Rf2 Qxc5 40. Rh4 Qxc2+ 41.
Kxc2 Rc5+ 0-1

[Event "40th Olympiad Women"]
[Site "Istanbul TUR"]
[Date "2012.09.03"]
[Round "6.13"]
[Board "1"]
[White "Porat, Maya"]
[Black "Muminova, Nafisa"]
[Result "0-1"]
[WhiteTitle "WIM"]
[BlackTitle "WIM"]
[WhiteElo "2295"]
[BlackElo "2329"]
[WhiteTeam "Israel"]
[BlackTeam "Uzbekistan"]
[WhiteFideId "2808072"]
[BlackFideId "14201526"]
[EventDate "2012.08.28"]

1. d4 d5 2. c4 e6 3. Nc3 Be7 4. Nf3 Nf6 5. Bg5 h6 6. Bh4 O-O 7. e3 b6 8. Be2 Bb7
9. Bxf6 Bxf6 10. cxd5 exd5 11. O-O Nd7 12. b4 c6 13. Qb3 a5 14. b5 a4 15. Nxa4
c5 16. Nc3 c4 17. Qb2 Qe7 18. a4 Rfe8 19. Nd2 Nf8 20. Bf3 Qd7 21. g3 g6 22. Bg2
h5 23. Rae1 Ne6 24. Qc2 h4 25. Qd1 Kg7 26. Qg4 Rad8 27. Rc1 hxg3 28. hxg3 Rh8
29. Bh3 Bg5 30. Bg2 f5 31. Qe2 Kf8 32. f4 Bf6 33. Nf3 Re8 34. Qa2 Ng7 35. Kf2
Qe7 36. Rfe1 Nh5 37. Re2 g5 38. fxg5 Bxg5 39. Ne5 Qd6 40. Bf3 Rxe5 41. dxe5 Qxe5
42. Rg1 Nxg3 43. Rxg3 Bh4 44. Qa3+ Kf7 45. Kf1 Qxg3 46. Bg2 Rd8 47. Qc1 Qe5 48.
Bf3 Bf6 49. Na2 Ra8 50. Bh5+ Ke6 51. Qd1 Qa1 52. Qxa1 Bxa1 53. Re1 Be5 54. Bd1
Kd6 55. Ke2 f4 56. Rh1 fxe3 57. Rh7 Rb8 58. Nb4 d4 59. Na6 Bxa6 60. bxa6 Rf8 61.
a7 Rf2+ 62. Ke1 d3 63. Rh6+ Ke7 64. Rh7+ Kf6 65. Be2 Rxe2+ 0-1